000
00192 a2200097 4500
020
_a
9780446698894
041
_a
eng
100
_a
Weiner eric
245
_a
The geography of bliss
942
_c
BK
999
_c
10881
_d
10881